LEADER 01221nam a2200277 u 4500 001 000000045223 003 CaOOAMICUS 005 20070226114634.0 008 990525r19831977it u000 u ita u 035 $a10824297 040 $aPUL(R)$bita 100 1 $aStenhouse, Lawrence.$0(OLS)http://pul/name/32975 245 10$aDal programma al curricolo :$bpolitica, burocrazia e professionalità /$cLawrence Stenhouse ; introduzione di Cesare Scurati. 260 $aRoma :$bArmando Armando,$c1983. 300 $a287 p. ;$c20 cm 490 1 $aEducazione comparata e pedagogie ;$v53 500 $aInclude indici. 650 4$aPedagogia$xStudi.$0(OLS)http://pul/subject/7699 700 1 $aScurati, Cesare.$0(OLS)http://pul/name/27154 830 0$aEducazione comparata e pedagogie ;$v53.$0(OLS)http://pul/title/36755 850 $aPUL 852 $aPUL$W1$xDP1 Cons. Gen., Altre Classi 1$y22$m46 I 55$j60753$nBK-PRI$b $qStampati$B60753$CPULBib$Z2$F60753 $H $81 941 1 $a8 961 $aINV: 59174 996 $6245$aDal programma al curricolo :$bpolitica, burocrazia e professionalità$9(OLS)http://pul/title/60985 996 $6260$aRoma :$bArmando Armando$9(OLS)http://pul/publisher/59532 LEADER 01853nam a2200373 a 4500 001 000000140970 003 CaOOAMICUS 005 20141217103512.0 008 141217s2014 it 000 u ita r 020 $a978-88-7105-348-6 040 $aPUL$bita 082 04$a282.092 100 1 $aFraccaro, Antonella.$0(OLS)http://pul/name/75682 245 10$aCharles de Foucauld e i Vangeli :$bmeditare la Bibbia "per compiere un atto d'amore" /$cAntonella Fraccaro ; prefazione Claudio Stercal. 260 $aMilano :$bGlossa,$c©2014. 300 $aXIX, 717 p. ;$c21 cm 490 1 $aQuodlibet ;$v28 504 $aContiene riferimenti bibliografici. 600 14$aFoucauld, Charles Eugène de,$cb.,$d1858-1916.$0(OLS)http://pul/subject/14279 700 1 $aStercal, Claudio.$0(OLS)http://pul/name/3926 830 0$aQuodlibet (Glossa) ;$v28.$0(OLS)http://pul/title/57327 850 $aPUL 852 $aPUL$W1$xDP1 Tesi Fac It.Settentrionale$y34$m2014 B 3$j159574$bSulla coperta: Dissertazione dottorale in Teologia n.65 nella Facoltà Teologica delll'Italia Settentrionale.$qTesi$B176019$CPULBib$Z2$F176019 $82 852 $aPUL$W1$xSL Religione 3$y85$m282. 092 FRAAN 1$j162742$qDDC 21$B162391$CPULBib$Z2$F162391 $H125082 $82 941 1 $a9 941 1 $a16 960 $aCharles Eugène de Foucauld,$cb.,$d1858-1916 $914279 960 $aCarolus Eugène de Foucauld,$cb.,$d1858-1916$914279 960 $aDe Foucauld, Charles Eugène, $cb.,$d1858-1916$914279 996 $6020$a978-88-7105-348-6$9(OLS)http://pul/number/156587 996 $6082$a282.092$9(OLS)http://pul/classification/402 996 $6245$aCharles de Foucauld e i Vangeli :$bmeditare la Bibbia "per compiere un atto d'amore"$9(OLS)http://pul/title/178369 996 $6260$aMilano :$bGlossa$9(OLS)http://pul/publisher/53656